PRACTICAL MATHEMATICS ARITHMATIC ALGEBRA GEOMETRY TRIGNOMETRY AND THE SLIDE RULE (Record no. 583623)

000 -LEADER
fixed length control field 00328nam a22001217a 4500
082 ## - DEWEY DECIMAL CLASSIFICATION NUMBER
Classification number 510 PAL'P
100 ## - MAIN ENTRY--PERSONAL NAME
Personal name PALMER, C.I,BIBB, S.F
9 (RLIN) 78513
245 ## - TITLE STATEMENT
Title PRACTICAL MATHEMATICS ARITHMATIC ALGEBRA GEOMETRY TRIGNOMETRY AND THE SLIDE RULE
250 ## - EDITION STATEMENT
Edition statement 5TH
260 ## - PUBLICATION, DISTRIBUTION, ETC.
Place of publication, distribution, etc. NEWYORK
Name of publisher, distributor, etc. MCGRAW HILL
Date of publication, distribution, etc. 1970
300 ## - PHYSICAL DESCRIPTION
Extent 567P
942 ## - ADDED ENTRY ELEMENTS (KOHA)
Koha item type Book
Holdings
Withdrawn status Lost status Damaged status Not for loan Permanent Location Current Location Shelving location Date acquired Total Checkouts Full call number Barcode Date last seen Price effective from Koha item type
        College of Electrical & Mechanical Engineering (CEME) College of Electrical & Mechanical Engineering (CEME) General Stacks 06/15/2017   510 PAL'P CEME-8019 06/28/2021 06/28/2021 Book
© 2023 Central Library, National University of Sciences and Technology. All Rights Reserved.